Triste domingo /

保存先:
書誌詳細
第一著者: Garibay, Ricardo (autor)
フォーマット: 図書
言語:スペイン語
出版事項: México : Joaquín Mortiz, 1991, c1991
主題:
タグ: タグ追加
タグなし, このレコードへの初めてのタグを付けませんか!

MARC

LEADER 00000nam^a2200000^a^4500
001 000623825
005 20251029000000.0
009 20260310133945.897
020 |a 968-27-0416-2 
025 |a Donación sin dato, 1 ejemplar 
037 |a Acervo ITESO - Biblioteca 
041 |a ESP 
082 |a 863.  |b GAR 
100 |a Garibay, Ricardo  |e (autor) 
245 1 0 |a Triste domingo /  |c R. Garibay. 
264 4 |a México :  |b Joaquín Mortiz,  |c 1991, c1991 
300 |a 332 p. 
336 |a texto  |b txt  |2 rdacontenido 
337 |a sin mediación  |b n  |2 rdamedio 
338 |a volumen  |b nc  |2 rdasoporte 
545 0 |a La extensa obra de Ricardo Garibay (Tulancingo, 1923 - Cuernavaca, 1999), excepto la poesía, incluye prácticamente todos los géneros. Se trata, a decir de la crítica, de una obra irregular, como no podía ser de otra manera en una producción tan vasta y que en ocasiones se originaba en encargos. Sin embargo, los expertos señalan que eso no niega su valor como escritor, con textos que lo reflejan como un enamorado del lenguaje, con gran capacidad de observación y de expresión del habla popular y del arrabal. Beber un cáliz (1963), La casa que arde de noche (1971), Fiera infancia y otros años (1982), Par de reyes (1983) y Triste domingo (1991) son, sin duda, títulos de primer nivel. A ellos se pueden añadir Rapsodia para un escándalo (1971), Diálogos mexicanos (1975), Las glorias del gran Púas (1979), Aires de blues (1984) y Taib (1989), entre otros. Creador Emérito del Sistema Nacional de Creadores, de 1994 hasta su muerte, obtuvo también el Premio Mazatlán de Literatura (1965), el Premio Nacional de Periodismo (1987) y el Premio de Narrativa Colima (1989). 
649 |a XX 
650 |a Mujeres en la Literatura 
650 |a Novela Mexicana 
650 |a Literatura Mexicana -  |y Siglo XX 
650 |a Amor en la Literatura 
650 |a Relaciones de Pareja en la Literatura 
910 |a Fondo General 
920 |a Impresos - Libros 
930 |a Colección General 
940 |a Literatura 
905 |a 101 
901 |a 623825-10  |b IT1  |c LIT  |i D  |u 20251029 
902 |a https://opac.biblio.iteso.mx/vufind/Record/000623825